| 000 | 00622nam a2200253 a 4500 | ||
|---|---|---|---|
| 001 | nice12345678 | ||
| 003 | IN_TiNIC | ||
| 005 | 20260116012447.0 | ||
| 008 | 050524s1988 dela grp 000 0 eng | ||
| 020 |
_a _c675 |
||
| 082 | 0 | 0 |
_a922.97 _bNIZ |
| 100 | _aNizami, Khaliq Ahmed | ||
| 245 | _aMaulana Azad Album | ||
| 260 |
_aDelhi _bIdara-I-Adabiyat-I-Dilli _c1988 |
||
| 300 | _a169p | ||
| 500 | _aincludes index and biblioraphy | ||
| 505 | 2 | _aChronology | |
| 650 | _aAbul Kalam Azad-Album | ||
| 650 | _aIndia-Politics | ||
| 700 | 1 | _aNizami, Khaliq Ahmed | |
| 902 | _bRHR | ||
| 942 | _cBK | ||
| 999 |
_c7110 _d7110 |
||